Представление документа в формате MARC21

Поле Инд. ПП Название Значение
Тип записи a
Библиографический уровень m
001 _ Контрольный номер RU\infra-m\znanium\bibl\1013813
005 _ Дата корректировки 20250915104134.4
008 Кодируемые данные 190822s2019 RU g rus u
020 a ISBN 978-5-16-107563-0
040 a Служба первич. каталог. Общество с ограниченной ответственностью «ЗНАНИУМ»
041 a Код языка текста rus
044 a Код страны публикации RU
080 a Индекс УДК 811.111(075.8)
084 2 Источник индекса rubbk
a Индекс другой классификации/Индекс ББК 81.2Англ.я73
084 2 Источник индекса okso
a Индекс другой классификации/Индекс ББК 37.04.01
084 2 Источник индекса okso
a Индекс другой классификации/Индекс ББК 44.04.02
084 2 Источник индекса okso
a Индекс другой классификации/Индекс ББК 37.03.01
100 1_ a Автор Лазарева Ирина Николаевна
q Полное имя Ирина Николаевна
245 a Заглавие English for Education Specialists: The Humanist Way («Английский язык для специалистов сферы образования: Гуманистический аспект»)
b Продолж. заглавия Учебное пособие
c Ответственность Дальневосточный федеральный университет
250 a Основные сведения об издании 1
260 a Место издания Москва
b Издательство ООО "Научно-издательский центр ИНФРА-М"
c Дата издания 2018
300 a Объем 159 с.
440 a Серия Высшее образование (Финансовый университет)
520 a Аннотация Содержание предлагаемого пособия реализуется в смысловом единстве совершенствования навыков устной и письменной англоязычной речи и развития информационной и исследовательской культуры обучающихся. Ориентация курса на понимание научно-практической значимости гуманистического подхода позволяет не только расширить границы профессионального общения студентов но и решать задачи в области приобретения опыта профессионального самоопределения осознания студентом перспектив своей деятельности и ее значимости. Для подготовки магистров обучающихся по направлениям подготовки 37.04.01 «Психология» 44.04.02 «Психолого-педагогическое образование». Также может использоваться бакалаврами направления 37.03.01 «Психология» при изучении дисциплины «Иностранный язык в профессиональной сфере» аспирантами и всеми кому нужно повысить квалификацию в области психолого-педагогических наук.
521 a Примеч. о целев. назн. ВО - Магистратура
650 a Основная рубрика Филологические науки
x Основная подрубрика Английский язык
700 1_ a Другие авторы Пантюх Зоя Михайловна
q Полное имя Зоя Михайловна
852 x Примечание, не предназначенное для пользователя znanium2023
856 4_ a Имя сервера/домена znanium.com
m Помощь ebs_support@infra-m.ru
n Местонахождение сервера НИЦ ИНФРА-М
u URL https://znanium.com/catalog/document?id=338335
z Примечание для пользователя Участвует в КО
856 41 a Имя сервера/домена znanium.com
d Путь /cover/1013
f Электронное имя 1013813.jpg
q Тип электронного формата image/jpeg
u URL https://znanium.com/cover/1013/1013813.jpg